000
00504nam a2200169Ia 4500
008
090711s9999 xx 000 0 und d
082
_b
78819
100
_a
पेरी मॅसन
245
_a
अजब गुंतागुंत
260
_c
1995
600
_a
पेरी मॅसन
630
_a
अजब गुंतागुंत
700
_a
गुजर अनिल
700
_a
पेरी मॅसन
730
_a
अजब गुंतागुंत
942
_c
BOOK
999
_c
326903
_d
326903